| 000 | 01242nam a22003017a 4500 | ||
|---|---|---|---|
| 005 | 20240530110405.0 | ||
| 008 | 150201s2012 ua g b 000 0 ara d | ||
| 017 |
_a2011/20870 _bمصر . دار الكتب المصرية |
||
| 020 | _a9789774382517 | ||
| 040 | _aEG-CaGPL | ||
| 041 | 0 | _aara | |
| 082 | 0 | 4 |
_221 _a345.0262\ _bن ج |
| 100 | 0 | _aنسرين عبدالحميد نبيه | |
| 245 | 1 | 0 |
_aجرائم الاختلاس و الغدر : _bكاحد اسباب ثورات البلدان العربية على حكومتها و حكامها / _cنسرين عبدالحميد نبيه |
| 260 |
_aالاسكندرية : _bالمكتب الجامعى الحديث ، _c2012 |
||
| 300 |
_a278 ص ؛ _c24 سم |
||
| 650 | 0 | 4 | _aالاختلاس |
| 650 | 0 | 4 | _aالقانون الدولى |
| 650 | 0 | 4 |
_aاتفاقية الامم المتحدة لمكافحة الفساد _zمصر |
| 650 | 0 | 4 | _aالنصب و الاحتيال |
| 650 | 0 | 4 |
_aالمالية العامة _zالمغرب |
| 650 | 0 | 4 |
_aالمالية العامة _xقوانين وتشريعات |
| 650 | 0 | 4 | _aالسرقة |
| 650 | 0 | 4 | _aجرائم السرقة |
| 650 | 0 | 4 | _aجرائم الاموال |
| 942 |
_2ddc _cBK |
||
| 999 |
_c60344 _d60344 |
||